000 01049nam a2200289 i 4500
001 000029224
003 DO-SdBPM
005 20260213094349.0
007 ta
008 110414s2003 dr 000 0 spa d
040 _aDO-SdBPM
_bspa
_cBPMSU
_erda
082 4 _a782.27
_bH731a 2003
_222
100 1 _aHolguín Veras, Miguel A.,
_d1927-2007
_eautor
245 1 0 _aAzua y el Himno Nacional Dominicano /
_cMiguel Holguín-Veras.
264 _aSanto Domingo :
_bAcademia de la Ciencia de la República Dominicana,
_c2003.
300 _a40 páginas ;
_c22 cm.
336 _2rdacontent
_atexto
_btxt
337 _2rdamedia
_asin mediación
_bn
338 _2rdacarrier
_avolumen
_bnc
500 _aIncluye datos bigráficos del autor en la contracubierta
504 _aBibliografía : páginas . 26-28
590 _aInventariado, 2026/VM
650 7 _aHimnos patrióticos dominicanos
_xEnsayos, conferencias, etc.
651 7 _aAzua (provincia)
_xHistoria
_zRepública Dominicana
910 _aVMateo V. Control de calidad. BPMSU
942 _2ddc
_cBK
999 _c13295
_d13295